000 00570nam a2200205Ia 4500
005 20250923144850.0
008 008 250917s9999 xx 000 0 eng d
037 _aTextual
040 _aDSWL
_beng
_cDSWL
041 _aeng
_2eng
084 _aT2:455u73, K2
_qDSWL
100 _aLichter, S.O.
_9829203
245 4 _aThe drop - outs
_cby S.O. Lichter
260 _aGlencoe
_bFree Press of Glencoe
_c1962
300 _axiii,302p.
365 _aUSD
_b5.95
925 _g5.95
942 _cTEXL
_hT2:455u73, K2
999 _c1444326
_d1444326